| 000 | 04271nam a2200241Ia 4500 | ||
|---|---|---|---|
| 003 | OSt | ||
| 005 | 20241109105614.0 | ||
| 008 | 210210b2010 xxu||||| |||| 00| 0 eng d | ||
| 040 | _cAL | ||
| 041 | _aKannada | ||
| 082 | _a417.7K ROHT | ||
| 100 |
_aROHINI (B M) _9135568 |
||
| 245 |
_aTulunadina mastikallugalu viragallugalu _bತುಳುನಾಡಿನ ಮಾಸ್ತಿಕಲ್ಲುಗಳು ವೀರಗಲ್ಲುಗಳು |
||
| 260 |
_aMangaLuru _b- _c2010 |
||
| 300 | _a304 | ||
| 520 | _aಮುನ್ನುಡಿ, ಪ್ರಸ್ತಾವನೆ, ಅಧ್ಯಾಯ 1: ತುಳುನಾಡಿನ ರಾಜಕೀಯ ಮತ್ತು ಸಾಂಸ್ಕೃತಿಕ ಹಿನ್ನೆಲೆ 1. ೧ ತುಳುನಾಡನ್ನು ಆಳಿದ ರಾಜ ಮನೆತನಗಳು 1. ೨ ಇಲ್ಲಿ ನಡೆದ ಪ್ರಮುಖ ಯುದ್ಧಗಳು 1. ೩ ವ್ಯಾಪಾರ ವಾಣಿಜ್ಯ ಸಂಬಂಧೀ ಕಲಹಗಳು 1. ೪ ಜಾತಿ ಮತ ಸಂಬಂಧೀ ಕಲಹಗಳು 1. ೫ ತುಳುನಾಡಿನಲ್ಲಿ ಕುಟುಂಬ ಪದ್ಧತಿ 1. ೬ ನಂಬಿಕೆ - ಆಚರಣೆಗಳು ಅಧ್ಯಾಯ 2: ಸಾಹಿತ್ಯ ಮತ್ತು ಇತಿಹಾಸದಲ್ಲಿ ಸತಿ ಸಹಗಮನ ಪದ್ದತಿ 2. ೧ ಜಗತ್ತಿನ ವಿವಿಧೆಡೆಗಳಲ್ಲಿ ಸತಿ ಸಹಗಮನ ಪದ್ದತಿ 2. ೨ ಭಾರತದಲ್ಲಿ ಸತಿ ಸಹಗಮನ ಪದ್ದತಿ 2. ೩ ಪ್ರಾಚೀನ ಇತಿಹಾಸದಲ್ಲಿ ಸತಿ ಸಹಗಮನದ ಉಲ್ಲೇಖಗಳು 2. ೪ ಸಾಹಿತ್ಯ ಕೃತಿಗಳಲ್ಲಿ ಸತಿ ಸಹಗಮನದ ಪರ - ವಿರೋಧ ಅಭಿವ್ಯಕ್ತಿ 2. ೫ ಜನಪದರು ಕಂಡ ಸತಿ ಸಹಗಮನ ಪದ್ದತಿ ಅಧ್ಯಾಯ 3: ಸತಿ ಸಹಗಮನ ನಿಷೇಧ ಬೆಳೆದು ಬಂದ ದಾರಿ 3. ೧ ಲಾರ್ಡ್ ವಿಲಿಯಂ ಬೆಂಟಿಂಕನ ಪ್ರಯತ್ನಗಳು 3. ೨ ರೂಪಾ ಕನ್ವರ್ ಸಹಗಮನದ ಬಳಿಕದ ವಿದ್ಯಮಾನಗಳು ಅಧ್ಯಾಯ 4: ಸ್ಮಾರಕ ಶಿಲ್ಪಗಳಲ್ಲಿ ಮಾಸ್ತಿ / ವೀರಗಲ್ಲು ಗಳು 4. ೧ ಮಾಸ್ತಿಕಲ್ಲುಗಳು - ಪತಿವ್ರತಾ ಪರಂಪರೆ 4. ೨ ವೀರಗಲ್ಲುಗಳು - ವೀರ ಪರಂಪರೆ ಅಧ್ಯಾಯ 5: ಕ್ಷೇತ್ರ ಕಾರ್ಯಗಳ ವಿವರ, ಸಂಶೋಧನೆಯ ನಿರೂಪಣೆ 5. ೧ ದಕ್ಷಿಣ ಕನ್ನಡ ಜಿಲ್ಲೆಯಲ್ಲಿ ದೊರೆತ ಮಾಸ್ತಿ/ವೀರಗಲ್ಲುಗಳು 5. ೨ ಉಡುಪಿ ಜಿಲ್ಲೆಯಲ್ಲಿ ದೊರೆತ ಮಾಸ್ತಿ/ವೀರಗಲ್ಲುಗಳು 5. ೩ ಕಾಸರಗೋಡು ಜಿಲ್ಲೆಯಲ್ಲಿ ದೊರೆತ ಮಾಸ್ತಿ/ವೀರಗಲ್ಲುಗಳು 5. ೪ ವಿಸ್ಮೃತಿಗೊಳ್ಳಗಾದ ಮಾಸ್ತಿ/ವೀರಗಲ್ಲುಗಳು 5. ೫ ಗುಡಿಗಾರರೊಂದಿಗೆ ಸಂದರ್ಶನ 5. ೬ ಕೆಲವು ಮಾಹಿತಿಗಳು, ಟಿಪ್ಪಣಿಗಳು, ಮಾಯಕದ ಕತೆಗಳು ದಕ್ಷಿಣ ಕನ್ನಡ, ಉಡುಪಿ ಮತ್ತು ಕಾಸರಗೋಡಿನಲ್ಲಿ ಲಭ್ಯವಾದ ಮಾಸ್ತಿಕಲ್ಲು / ವೀರಗಲ್ಲುಗಳ ವರ್ಣಚಿತ್ರಗಳು ಅನುಬಂಧ ಅ) ದಕ್ಷಿಣ ಕನ್ನಡ, ಉಡುಪಿ ಮತ್ತು ಕಾಸರಗೋಡಿನಲ್ಲಿ ಲಭ್ಯವಾದ ಮಾಸ್ತಿಕಲ್ಲು / ವೀರಗಲ್ಲುಗಳ ಪಟ್ಟಿ ಫಲಶ್ರುತಿ ಅನುಬಂಧ ಇ) ಆಕರ ಗ್ರಂಥಗಳ ಪಟ್ಟಿ | ||
| 650 |
_a ತುಳುನಾಡು, ಕರ್ನಾಟಕ- ಮಾಸ್ತಿಕಲ್ಲುಗಳು, ವೀರಗಲ್ಲುಗಳು- ಇತಿಹಾಸ _9135569 |
||
| 650 |
_aSouth Kanara /South Canara _9184580 |
||
| 690 |
_aPaleography _9135572 |
||
| 700 |
_aSHASHILEKHA (B) _9135573 _dಶಶಿಲೇಖಾ, ಬಿ |
||
| 906 | _a065399 | ||
| 942 |
_2ddc _cBK |
||
| 999 |
_c142667 _d142667 |
||